000 00392nam a2200169Ia 4500
008 230524s9999 xx 000 0 und d
082 _a510.15
_bMAL
100 _aD.S.Malik
245 0 _aDiscrete Mathematics
250 _aIST
260 _aSINGAPORE
_bCengage
_c2004
300 _aVII;473
500 _aQuantity Number: 5
650 _aMathematics
700 _a M.K.Sen
942 _cBK
999 _c44733
_d44733